| 000 | 01026cam a22001814a 4500 | ||
|---|---|---|---|
| 005 | 20250605164203.0 | ||
| 008 | 250528s ||||||||||||||||||||||||d | ||
| 035 | _a19828 | ||
| 040 |
_aGR-AtMCL _bgre _dGR-AtMCL _eAACR2 |
||
| 245 | 1 | _aΕφαρμογές Γραμμικού Προγραμματισμού / Με τη Χρήση Ηλεκτρονικού Υπολογιστή | |
| 260 |
_bΣταμούλης Α, _c1994 |
||
| 300 | _a174 | ||
| 520 | _aΕισαγωγή, Προβλήματα Προγραμματισμού Παραγωγής, Προβλήματα Δικτύων, Προβλήματα Χρηματο-οικονομικής, Προβλήματα Μάρκετινγκ, Προβλήματα Οικονομικής Θεωρίας και Οικονομετρίας, Προβλήματα Ακέραιου Προγραμματισμού, Πρόσθετα Παραδείγματα, Βιβλιογραφία. | ||
| 700 | 1 |
_aΠραστάκος Γρηγόρης _95505 |
|
| 942 | _cBK | ||
| 999 |
_c5075 _d5075 |
||